000
00213nam a22000857a 4500
008
170128b xxu||||| |||| 00| 0 eng d
100
_9
2609
_a
Chugh.R.K
245
_a
I.T.Genius Computer-3
260
_a
New Delhi
_b
GRB
_c
2012
999
_c
5746
_d
5746